| 000 | 00956nam a2200253 a 4500 | ||
|---|---|---|---|
| 001 | 000016638 | ||
| 005 | 20200929164936.0 | ||
| 008 | 100308s2004 dr a r 000 0 spa d | ||
| 040 |
_aDO-SdBNP _bspa _cBNPHU |
||
| 082 |
_a636.3 _bI81g |
||
| 100 | 1 |
_aIsidor, Manuel E. _936955 |
|
| 245 | 1 | 0 |
_aGuía práctica para la crianza de ovinos y caprinos / _cManuel E. Isidor, Dejelia R. Gómez G. |
| 260 |
_aSanto Domingo : _bSEA : _bDIGEGA, _c2004. |
||
| 300 |
_a66 p. : _bil. ; _c22 cm. |
||
| 500 | _aIncluye datos biográficos de los autores en la contracubierta | ||
| 504 | _aBibliografía : p. 65-66 | ||
| 590 | _aInventariado, 2018/BT | ||
| 650 | 4 |
_aGanaderia _xManuales _936956 |
|
| 650 | 4 |
_aOvinos _936957 |
|
| 650 | 4 |
_aCria de ganado lanar _936958 |
|
| 700 | 1 | 2 |
_aGómez G. , Dejelia _936959 |
| 710 | 2 |
_aRepública Dominicana. _bSecretaría de Estado de Agricultura _bDirección General de Ganadería _936960 |
|
| 910 | _aValidado. Control de calidad. MFF | ||
| 999 |
_c16171 _d16171 |
||